Η γλώσσα της εικόνας : σουρρεαλιστικά παίγνια και κοινωνιοσημειωτικές αναγνώσεις με αφορμή τη φωτο-γραφή του Raoul Ubac

Αποθηκεύτηκε σε:
Λεπτομέρειες βιβλιογραφικής εγγραφής
Κύριος συγγραφέας: Τσατσούλης, Δημήτρης
Μορφή: Βιβλίο
Γλώσσα:Greek
Δημοσίευση: Αθήνα : Ελληνικά Γράμματα, c2000.
Σειρά:Η τέχνη του θεάματος (Ελληνικά Γράμματα)
Θέματα:
Ετικέτες: Προσθήκη ετικέτας
Δεν υπάρχουν, Καταχωρήστε ετικέτα πρώτοι!

MARC

LEADER 00000cam a2200000 i 4500
001 1/44509
008 031106s2000 gr | ||| |||| ||gre||
020 |a 9603448036 
035 |l 10071560 
040 |a GR-MY-UA  |b gre  |e aacr 
041 0 |a gre 
082 7 |a 770.1   |2 (21) 
100 1 |a Τσατσούλης, Δημήτρης. 
245 1 2 |a Η γλώσσα της εικόνας :   |b σουρρεαλιστικά παίγνια και κοινωνιοσημειωτικές αναγνώσεις με αφορμή τη φωτο-γραφή του Raoul Ubac /   |c Δημήτρης Τσατσούλης. 
260 |a Αθήνα :   |b Ελληνικά Γράμματα,   |c c2000. 
300 |a 425 σ. :   |b εικ. (μερ. έγχρ.) ;   |c 24 εκ. 
490 1 |a (Η τέχνη του θεάματος / Ελληνικά Γράμματα) 
500 |a Στο τέλος του βιβλίου υπάρχει περίληψη στα γαλλικά.  
504 |a Περιέχει βιβλιογραφία και ευρετήριο.  
650 0 0 |a Photography  |x Philosophy. 
650 0 0 |a Photography  |x History. 
650 0 0 |a Photography, Artistic. 
830 0 |a Η τέχνη του θεάματος (Ελληνικά Γράμματα) 
852 |a INST  |b SYROS  |e 20031106  |h 770.1 ΤΣΑ  |p 005500003202  |q 005500003202  |t BK  |y 0 
901 |a BIBL5-2003-3 
909 |a Ε  |b 106479 
922 |a 5ΕΛΗ  |b 200309  |c ΒΙΒΛΙΟΘΗΚΗ ΣΥΡΟΥ  |d ΠΑΠΑΣΩΤΗΡΙΟΥ 
970 |a ΚΑΓΙΑΒΑ  |b ΕΙΡΗΝΗ  |z 2003/11/06